[Event "3rd Africa-ch"]
[Site "Abuja NGR"]
[Date "2003.10.17"]
[Round "9"]
[White "Van den Heever, Donovan"]
[Black "Pitlagano, Tebogo"]
[Result "0-1"]
[WhiteElo "2035"]
[BlackElo "2073"]
[EventDate "2003.10.10"]
[PlyCount "114"]

1.e4 c5 2.Nf3 Nc6 3.d3 g6 4.g3 Bg7 5.Bg2 Nf6 6.O-O d5 7.Nbd2 O-O 8.Re1 e5 
9.exd5 Nxd5 10.Nc4 Re8 11.a4 h6 12.c3 Bf5 13.Nh4 Be6 14.Qc2 Qc7 15.Bd2 
Rad8 16.Rad1 a6 17.Bc1 b5 18.Nd2 Nb6 19.axb5 axb5 20.Ne4 Na5 21.Qe2 c4 22.
dxc4 Bxc4 23.Qf3 f5 24.Rxd8 Rxd8 25.Nd2 e4 26.Qd1 Kh7 27.Bf1 Nb3 28.Qc2 
Nxc1 29.Rxc1 Bd3 30.Qb3 Nc4 31.Rd1 Qc5 32.Nb1 Rd6 33.Qa2 g5 34.Ng2 Bxb1 
35.Qxb1 Nd2 36.Qc1 Nf3+ 37.Kh1 Rxd1 38.Qxd1 Qxf2 39.Bxb5 Qxb2 40.Bd7 Kg6 
41.Be8+ Kh7 42.Bd7 Qd2 43.Bxf5+ Kh8 44.Qb1 Bxc3 45.Bxe4 Ne5 46.Qb8+ Kg7 
47.Qc7+ Nf7 48.h4 Be5 49.Qc2 Qd6 50.Qd3 Qc7 51.Ne3 Qc1+ 52.Kg2 Qb2+ 53.Kh3
h5 54.hxg5 Nxg5+ 55.Kh4 Bxg3+ 56.Kxg5 Qf6+ 57.Kxh5 Qh4# 0-1